00702nam a2200181 a 450000100100000000500170001000800410002702000180006804000250008608200150011111000430012624501730016926000440034230000280038670000360041470000320045070000380048200004897720201002061547.0190510s2016 dr a r 000 0 spa d a9789945585247 aDO-SdBNPbspacBNPHU axxxxbxxxx1 aRepública DominicanabPoder Judicial10aJusticia y comunidad :b¿qué es el Poder Judicial de República Dominicana /ccolaboradores Julio Aníbal Suárez, Samuel Arias Arseno, Pedro A. Sánchez Rivera. aSanto Domingo :bPoder Judicial,c2016. a74 p. :bil., ;c28 cm.1 aSuárez, Julio Aníbal,ecol.1 aArias Arseno, Samuel,ecol.1 aSánchez Rivera, Pedro A.,ecol.